Hard Disk Aerobics: Shaping up your PC (Record no. 10831)

000 -LEADER
fixed length control field 00438 a2200157 4500
020 ## - INTERNATIONAL STANDARD BOOK NUMBER
International Standard Book Number 0830643869
082 ## - DEWEY DECIMAL CLASSIFICATION NUMBER
Classification number 005.4469
090 ## - LOCALLY ASSIGNED LC-TYPE CALL NUMBER (OCLC); LOCAL CALL NUMBER (RLIN)
-- 7022
-- 7022
100 ## - MAIN ENTRY--PERSONAL NAME
Personal name Gookin, Dan
245 ## - TITLE STATEMENT
Title Hard Disk Aerobics: Shaping up your PC
Statement of responsibility, etc. Gookin, Dan
260 ## - PUBLICATION, DISTRIBUTION, ETC.
Place of publication, distribution, etc. USA
Date of publication, distribution, etc. McGraw-Hill
300 ## - PHYSICAL DESCRIPTION
Extent xvi, 438 p.
Other physical details ;ill.
Dimensions 25 cm.
500 ## - GENERAL NOTE
General note Includes bibliograhical references and index
650 ## - SUBJECT ADDED ENTRY--TOPICAL TERM
Topical term or geographic name entry element 1. Hard disk management
942 ## - ADDED ENTRY ELEMENTS (KOHA)
Koha item type Book
Call number prefix 005.4469 GOO
Holdings
Withdrawn status Lost status Damaged status Not for loan Permanent Location Current Location Shelving location Total Checkouts Full call number Barcode Date last seen Price effective from Koha item type
        Central Library (CL) Central Library (CL) First Floor - Operating System/ Data Structure   005.4469 GOO SEECSD00499 11/14/2012 11/14/2012 Book
© 2023 Central Library, National University of Sciences and Technology. All Rights Reserved.